Contribución a la crítica de la economía política/

Сохранить в:
Библиографические подробности
Главный автор: Marx, Karl (autor)
Другие авторы: Dobb, Maurice (introducción) (introducción), Tula, Jorge (edición y notas) (edición y notas)
Формат:
Язык:испанский
Опубликовано: México : Siglo XXI, 1980, c1980
Предметы:
Метки: Добавить метку
Нет меток, Требуется 1-ая метка записи!

MARC

LEADER 00000nam^a2200000^a^4500
001 000183700
005 20250521000000.0
009 20260310102051.275
020 |a 968-23-0993-X 
037 |a Acervo ITESO - Biblioteca 
041 |a ESP 
082 |a 330. 159  |b MAR 
100 |a Marx, Karl  |e (autor) 
240 1 1 |a [Contribución a la crítica de la economía política] 
245 1 0 |a Contribución a la crítica de la economía política/  |c K. Marx ; introd. de M. Dobb ; ed. y notas de J. Tula ; tr. por J. Tula... [et al.]. 
264 4 |a México :  |b Siglo XXI,  |c 1980, c1980 
300 |a XXV, 410 p. 
336 |a texto  |b txt  |2 rdacontenido 
337 |a sin mediación  |b n  |2 rdamedio 
338 |a volumen  |b nc  |2 rdasoporte 
500 |a Traducción de: zur kritik der politischen ökonomie 
649 |a XX 
650 |a Consumo 
650 |a Circulación Monetaria 
650 |a Dinero 
650 |a Distribución Económica 
650 |a Capitalismo -  |x Historia y Crítica 
650 |a Economía Política 
650 |a Materialismo Histórico y Dialéctico 
650 |a Socialismo 
650 |a Marxismo 
650 |a Política 
650 |a Economía -  |x Filosofía 
650 |a Filosofía Política 
650 |a Filosofía Alemana 
650 |a Filosofía del Siglo XIX 
700 |a Dobb, Maurice  |e (introducción) 
700 |a Tula, Jorge  |e (edición y notas) 
910 |a Fondo Armando Suárez Gómez 
920 |a Impresos - Libros 
930 |a Fondos Especiales 
905 |a 111 
901 |a 0700001090  |b IT2  |c ESP  |u 20250521 
901 |a 0700001092  |b IT2  |c ESP  |u 20250521 
902 |a https://opac.biblio.iteso.mx/vufind/Record/000183700